[Event "ITA-chT 50th"]
[Site "Gallipoli"]
[Date "2018.04.30"]
[Round "5.4"]
[White "Begelman, Boris"]
[Black "Sellitti, Federico"]
[Result "1/2-1/2"]
[WhiteElo "2259"]
[BlackElo "2204"]
[PlyCount "110"]
[EventDate "2018.04.27"]
[EventType "team-swiss"]
[EventRounds "7"]
[EventCountry "ITA"]
[SourceTitle "CBM 184 Extra"]
[Source "ChessBase"]
[SourceDate "2018.06.28"]
[SourceVersion "1"]
[SourceVersionDate "2018.06.28"]
[SourceQuality "1"]
[WhiteTeam "Le Due Torri Volvo"]
[BlackTeam "ASA 1985 Max"]
[WhiteTeamCountry "ITA"]
[BlackTeamCountry "ITA"]

1. d4 Nf6 2. c4 e6 3. Nf3 b6 4. g3 Bb7 5. Bg2 Bb4+ 6. Bd2 Bxd2+ 7. Qxd2 0-0 8. 0-0 d6 9. Nc3 Ne4 10. Nxe4 Bxe4 11. Qf4 Bb7 12. e4 Nd7 13. b4 Qe7 14. d5 a5 15. a3 Qf6 16. Qxf6 Nxf6 17. Nd4 e5 18. Nb5 Ne8 19. Rfc1 c6 20. Nc3 cxd5 21. cxd5 Nf6 22. Na4 b5 23. Nc3 Ba6 24. Bh3 g5 25. f3 g4 26. fxg4 Bc8 27. Bg2 Bd7 28. g5 Nh5 29. Bf1 Rfb8 30. a4 bxa4 31. b5 Kg7 32. Kf2 Kg6 33. h4 f6 34. gxf6 Rf8 35. Be2 Nxf6 36. Ke3 Bg4 37. Rxa4 Bxe2 38. Nxe2 Ng4+ 39. Kd2 Rfb8 40. Nc3 Rf8 41. Rca1 Rf2+ 42. Ne2 Nf6 43. R1a3 Kh5 44. Rxa5 Nxe4+ 45. Ke3 Raf8 46. Kxe4 Rxe2+ 47. Kd3 Re1 48. Ra1 Rf3+ 49. Kd2 Re4 50. Rb1 Rd4+ 51. Ke2 Kg4 52. Ra7 Re4+ 53. Kd2 Rd4+ 54. Ke2 Re4+ 55. Kd2 Rd4+ 1/2-1/2

[Event "ITA-chT 50th"]
[Site "Gallipoli"]
[Date "2018.04.27"]
[Round "1.1"]
[White "Begelman, Boris"]
[Black "Dvirnyy, Danyyil"]
[Result "0-1"]
[WhiteElo "2259"]
[BlackElo "2512"]
[PlyCount "66"]
[EventDate "2018.04.27"]
[EventType "team-swiss"]
[EventRounds "7"]
[EventCountry "ITA"]
[SourceTitle "CBM 184 Extra"]
[Source "ChessBase"]
[SourceDate "2018.06.28"]
[SourceVersion "1"]
[SourceVersionDate "2018.06.28"]
[SourceQuality "1"]
[WhiteTeam "Le Due Torri Volvo"]
[BlackTeam "Padova Obiettivo"]
[WhiteTeamCountry "ITA"]
[BlackTeamCountry "ITA"]

1. d4 Nf6 2. c4 e6 3. Nf3 d5 4. Nc3 dxc4 5. e4 Bb4 6. Bxc4 Nxe4 7. 0-0 Nxc3 8. bxc3 Bd6 9. Qe2 0-0 10. Bd3 Nd7 11. Bg5 Qe8 12. Qe4 f5 13. Qh4 h6 14. Bd2 Rf6 15. Rae1 g5 16. Nxg5 hxg5 17. Bxg5 Qf7 18. f4 Rg6 19. g4 Nf6 20. h3 Bd7 21. Re2 Nh7 22. Bh6 Qf6 23. g5 Rxh6 24. Qxh6 Qxh6 25. gxh6 Kf7 26. Rg2 Bf8 27. Kf2 Bxh6 28. Ke3 Nf6 29. c4 c5 30. Rfg1 Rh8 31. Rf2 Bf8 32. Rg3 Rh4 33. Rb2 b6 0-1

[Event "ITA-chT 49th"]
[Site "Gallipoli"]
[Date "2017.04.28"]
[Round "2.4"]
[White "Begelman, Boris"]
[Black "Damia, Angelo"]
[Result "1/2-1/2"]
[WhiteElo "2229"]
[BlackElo "2417"]
[PlyCount "69"]
[EventDate "2017.04.27"]
[EventType "team-swiss"]
[EventRounds "7"]
[EventCountry "ITA"]
[SourceTitle "CBM 178 Extra"]
[Source "ChessBase"]
[SourceDate "2017.06.22"]
[SourceVersion "1"]
[SourceVersionDate "2017.06.22"]
[SourceQuality "1"]
[WhiteTeam "Bologna Le Due Torri"]
[BlackTeam "WorldtradingLab"]
[WhiteTeamCountry "ITA"]
[BlackTeamCountry "ITA"]

1. e4 Nc6 2. Nf3 Nf6 3. e5 Ng4 4. d4 d6 5. h3 Nh6 6. Bb5 dxe5 7. Nxe5 Qd5 8. Bxc6+ bxc6 9. 0-0 f6 10. Nc3 Qe6 11. Nd3 Nf7 12. Qf3 Nd8 13. Qg3 Qd7 14. Nc5 Qxd4 15. Be3 Qe5 16. f4 Qf5 17. Qf2 e6 18. Rfe1 Bd6 19. Rad1 0-0 20. N3e4 Nf7 21. c4 h5 22. Qf3 Qg6 23. Rf1 f5 24. Nf2 e5 25. Nb3 exf4 26. Bxf4 Ng5 27. Bxg5 Qxg5 28. c5 Be5 29. Nd3 Bf6 30. Nf4 Be5 31. Qxc6 Bxf4 32. Qxa8 Qg3 33. Qf3 Qh2+ 34. Kf2 Bb7 35. Qxb7 1/2-1/2

[Event "Lignano Sabbiadoro op 2nd"]
[Site "Lignano Sabbiadoro"]
[Date "2016.08.01"]
[Round "3"]
[White "Begelman, Boris"]
[Black "Lodici, Lorenzo"]
[Result "1/2-1/2"]
[WhiteElo "2220"]
[BlackElo "2363"]
[PlyCount "80"]
[EventDate "2016.07.31"]
[EventType "swiss"]
[EventRounds "9"]
[EventCountry "ITA"]
[SourceTitle "CBM 173 Extra"]
[Source "ChessBase"]
[SourceDate "2016.08.29"]
[SourceVersion "1"]
[SourceVersionDate "2016.08.29"]
[SourceQuality "1"]

1. e4 e5 2. Nf3 Nc6 3. Bb5 a6 4. Ba4 Nf6 5. 0-0 Be7 6. Re1 b5 7. Bb3 d6 8. a4 b4 9. d3 Rb8 10. h3 0-0 11. Nbd2 Na5 12. Ba2 c5 13. Nc4 Nxc4 14. Bxc4 a5 15. c3 Nd7 16. Be3 Nb6 17. Bb5 f5 18. exf5 Bxf5 19. cxb4 axb4 20. a5 Na8 21. Qb3+ Kh8 22. Bc6 Nc7 23. Qa4 Bxd3 24. Rad1 e4 25. Bxc5 dxc5 26. Rxe4 c4 27. a6 Rb6 28. a7 Rxc6 29. Rxe7 Qxe7 30. Qxc6 Na8 31. Re1 Qf7 32. Qd6 Rg8 33. Re7 Qf5 34. Ne5 Rf8 35. f4 Qf6 36. Qxb4 Qxf4 37. Qb8 Qf1+ 38. Kh2 Qf4+ 39. Kg1 Qf1+ 40. Kh2 Qf4+ 1/2-1/2

[Event "Moscow op-A"]
[Site "Moscow"]
[Date "2016.01.31"]
[Round "2"]
[White "Begelman, Boris"]
[Black "Dvalishvili, Pavel S"]
[Result "1/2-1/2"]
[WhiteElo "2218"]
[BlackElo "2445"]
[PlyCount "93"]
[EventDate "2016.01.30"]
[EventType "swiss"]
[EventRounds "9"]
[EventCountry "RUS"]
[SourceTitle "CBM 170 Extra"]
[Source "ChessBase"]
[SourceDate "2016.02.25"]
[SourceVersion "1"]
[SourceVersionDate "2016.02.25"]
[SourceQuality "1"]

1. e4 c5 2. Nf3 e6 3. b3 a6 4. Bb2 b5 5. Bd3 Nc6 6. 0-0 d6 7. Re1 e5 8. a4 b4 9. Bc4 Be7 10. d3 Nf6 11. Nbd2 0-0 12. Nf1 Na5 13. Ng3 Nxc4 14. dxc4 Be6 15. Nd2 g6 16. Ngf1 Nh5 17. Ne3 Nf4 18. Nd5 Nxd5 19. cxd5 Bc8 20. Nc4 a5 21. Bc1 Ba6 22. Bh6 Re8 23. Qg4 Bxc4 24. bxc4 Bf8 25. Bg5 f6 26. Bd2 Re7 27. h4 Bg7 28. h5 Kf7 29. Re3 Qd7 30. Qxd7 Rxd7 31. hxg6+ hxg6 32. Rh3 f5 33. Kf1 Kf6 34. f3 Rb7 35. Rb1 Rab8 36. Ke2 f4 37. Rb3 Rh8 38. Rb1 Rxh3 39. gxh3 Rb8 40. Kf2 Rh8 41. Kg2 Kf7 42. Kh2 Bf6 43. Be1 Bh4 44. Bxh4 Rxh4 45. Rf1 Rh8 46. Rb1 Kf6 47. Rf1 1/2-1/2

[Event "Biella op 6th"]
[Site "Biella"]
[Date "2015.09.26"]
[Round "3"]
[White "Begelman, Boris"]
[Black "Stella, Andrea"]
[Result "1-0"]
[WhiteElo "2125"]
[BlackElo "2413"]
[PlyCount "127"]
[EventDate "2015.09.25"]
[EventType "swiss"]
[EventRounds "5"]
[EventCountry "ITA"]
[SourceTitle "EXT 2016"]
[Source "ChessBase"]
[SourceDate "2015.10.08"]
[SourceVersion "1"]
[SourceVersionDate "2015.10.08"]
[SourceQuality "1"]

1. e4 c5 2. Nf3 e6 3. b3 d6 4. Bb2 Nc6 5. d4 cxd4 6. Nxd4 e5 7. Nxc6 bxc6 8. Bd3 Nf6 9. 0-0 Be7 10. Nd2 0-0 11. Nc4 Bg4 12. Qe1 Be6 13. Qe2 Qc7 14. Kh1 Rae8 15. Rad1 Nd7 16. Ne3 Nc5 17. c4 Bg5 18. Bc2 Ra8 19. Nf5 Rfd8 20. f4 Bxf5 21. exf5 Bf6 22. fxe5 dxe5 23. Qe3 Na6 24. Bc3 h6 25. h3 Qb6 26. Qg3 Qc5 27. Be4 Rac8 28. Qf3 Nb8 29. Qe2 a5 30. Bd2 Rd4 31. Bc3 Rxd1 32. Rxd1 Rd8 33. Rd3 Rxd3 34. Qxd3 h5 35. Bd2 h4 36. Be3 Qa3 37. Qd2 a4 38. b4 Na6 39. b5 cxb5 40. cxb5 Nc5 41. Bd5 e4 42. b6 Be5 43. Bc4 Nd3 44. Bd5 Nb4 45. Bxe4 Nxa2 46. Qd8+ Qf8 47. Qd5 Qd6 48. Qxd6 Bxd6 49. b7 Nc3 50. Bc6 a3 51. Bc5 a2 52. Bxd6 a1Q+ 53. Kh2 Ne2 54. b8Q+ Kh7 55. Qb6 Ng3 56. Bxg3 hxg3+ 57. Kxg3 Qe5+ 58. Kg4 g6 59. fxg6+ fxg6 60. Qb5 Qd4+ 61. Kg3 g5 62. Qf5+ Kh6 63. Qe6+ Kg7 64. Qd7+ 1-0